|
|
|
|
| LEADER |
00000nam0a2200000 4500 |
| 001 |
68613 |
| 005 |
20231101212408.0 |
| 010 |
|
|
|a 0824724976
|
| 035 |
|
|
|a (RuTPU)RU\TPU\book\73065
|
| 090 |
|
|
|a 68613
|
| 100 |
|
|
|a 20041007d2006 k y0rusy50 ca
|
| 101 |
0 |
|
|a rus
|
| 102 |
|
|
|a RU
|
| 105 |
|
|
|a y z 001zy
|
| 200 |
1 |
|
|a Пролегомены дизайна в науке и рефлексии естествознания
|f Международная Академия Наук; Центр Ноосферной Защиты; сост. С. А. Кутолин; Г. М. Писиченко
|
| 210 |
|
|
|a Новосибирск
|c Изд-во Chtm.Lab. NCD
|d 2006
|
| 215 |
|
|
|a 100 с.
|
| 225 |
1 |
|
|a Химический дизайн
|
| 320 |
|
|
|a Библиография в конце глав.
|
| 330 |
|
|
|a Сборник посвящен рассмотрению проблем химического дизайна задач естествознания в рамках синтеза опыта фантазии и науки. Представлены работы сотрудников СГУПС и кафедры "Химия". Рассматриваются задачи , приводящие к конкретным решениям проблемных ситуаций в науке, технике, химического дизайна как синтеза и пропедевтике обучения. В соответствии с Уставом МАН ЦНЗ совместный выпуск подготовили: академик МАН ЦНЗ С. А. Кутолин, член-корр. МАН ЦНЗ Г. М. Писиченко.
|
| 606 |
1 |
|
|a Химический дизайн
|2 stltpush
|3 (RuTPU)RU\TPU\subj\27944
|9 51585
|
| 610 |
1 |
|
|a алмазоподобные материалы
|
| 610 |
1 |
|
|a информация
|
| 610 |
1 |
|
|a болотные системы
|
| 610 |
1 |
|
|a механохимические воздействия
|
| 610 |
1 |
|
|a фосфатоносные коры выветривания
|
| 610 |
1 |
|
|a химия
|
| 610 |
1 |
|
|a дизайн
|
| 610 |
1 |
|
|a химическая структура
|
| 675 |
|
|
|a 54
|v 3
|
| 702 |
|
1 |
|a Кутолин
|b С. А.
|4 220
|
| 702 |
|
1 |
|a Писиченко
|b Г. М.
|g Григорий Митрофанович
|4 220
|
| 712 |
0 |
2 |
|a Сибирский Государственный университет путей сообщения
|b Кафедра "Химия"
|2 stltpush
|3 (RuTPU)RU\TPU\col\140
|
| 712 |
0 |
2 |
|a Международная академия наук (МАН)
|b Центр ноосферной защиты им. Н. Д. Зелинского (ЦНЗ)
|c (Москва)
|2 stltpush
|3 (RuTPU)RU\TPU\col\399
|
| 801 |
|
1 |
|a RU
|b 63413507
|c 20041007
|g PSBO
|
| 801 |
|
2 |
|a RU
|b 63413507
|c 20200127
|g PSBO
|
| 942 |
|
|
|c BK
|